Bad boys: ride or die / directed by Adil El Arbi, Bilall Fallah, written by Chris Bremner, Will Bealll, produced by Jerry Bruckheimer, Will Smith, Chad Oman, Doug Belgrad. (Record no. 20920)

000 -LEADER
fixed length control field 01593nam a2200445 4500
008 - FIXED-LENGTH DATA ELEMENTS--GENERAL INFORMATION
fixed length control field 250528b xxu||||| |||| 00| 0 eng d
040 ## - CATALOGING SOURCE
Original cataloging agency Cagayan State University
Description conventions RDA
082 ## - DEWEY DECIMAL CLASSIFICATION NUMBER
Classification number 791.4372
Item number B14 2024
245 ## - TITLE STATEMENT
Title Bad boys: ride or die / directed by Adil El Arbi, Bilall Fallah, written by Chris Bremner, Will Bealll, produced by Jerry Bruckheimer, Will Smith, Chad Oman, Doug Belgrad.
260 ## - PUBLICATION, DISTRIBUTION, ETC. (IMPRINT)
Place of publication, distribution, etc United States :
Name of publisher, distributor, etc Sony Pictures Releasing,
Date of publication, distribution, etc 2024.
300 ## - PHYSICAL DESCRIPTION
Extent 1 videofile,115 minutes :
Other physical details sound, color.
520 ## - SUMMARY, ETC.
Summary, etc When their late police captain gets linked to drug cartels, wisecracking Miami cops Mike Lowrey and Marcus Burnett embark on a dangerous mission to clear his name.

521 ## - TARGET AUDIENCE NOTE
Target audience note R.
546 ## - LANGUAGE NOTE
Language note English.
650 ## - SUBJECT ADDED ENTRY--TOPICAL TERM
Topical term or geographic name as entry element Action Epic.
650 ## - SUBJECT ADDED ENTRY--TOPICAL TERM
Topical term or geographic name as entry element Buddy Comedy.
650 ## - SUBJECT ADDED ENTRY--TOPICAL TERM
Topical term or geographic name as entry element Buddy Cop.
650 ## - SUBJECT ADDED ENTRY--TOPICAL TERM
Topical term or geographic name as entry element Action.
650 ## - SUBJECT ADDED ENTRY--TOPICAL TERM
Topical term or geographic name as entry element Adventure.
650 ## - SUBJECT ADDED ENTRY--TOPICAL TERM
Topical term or geographic name as entry element Comedy.
650 ## - SUBJECT ADDED ENTRY--TOPICAL TERM
Topical term or geographic name as entry element Crime.
650 ## - SUBJECT ADDED ENTRY--TOPICAL TERM
Topical term or geographic name as entry element Thriller.
700 ## - ADDED ENTRY--PERSONAL NAME
Personal name Smith, Will, star.
700 ## - ADDED ENTRY--PERSONAL NAME
Personal name Lawrence, Martin, star.
700 ## - ADDED ENTRY--PERSONAL NAME
Personal name Hudgens, Vanessa, star.
700 ## - ADDED ENTRY--PERSONAL NAME
Personal name Ludwig, Alexander, star.
700 ## - ADDED ENTRY--PERSONAL NAME
Personal name Núñez, Paola, star.
700 ## - ADDED ENTRY--PERSONAL NAME
Personal name Scipio, Jacob, star.
700 ## - ADDED ENTRY--PERSONAL NAME
Personal name Dane, Eric, star.
700 ## - ADDED ENTRY--PERSONAL NAME
Personal name Gruffudd, Ioan, star.
700 ## - ADDED ENTRY--PERSONAL NAME
Personal name Liburd, Melanie, star.
700 ## - ADDED ENTRY--PERSONAL NAME
Personal name Smith, Tasha, star.
700 ## - ADDED ENTRY--PERSONAL NAME
Personal name Haddish, Tiffany, star.
700 ## - ADDED ENTRY--PERSONAL NAME
Personal name Pantoliano, Joe, star.
700 ## - ADDED ENTRY--PERSONAL NAME
Personal name Seehorn, Rhea, star.
700 ## - ADDED ENTRY--PERSONAL NAME
Personal name Heyvaert, Robrecht, cinematographer.
700 ## - ADDED ENTRY--PERSONAL NAME
Personal name Eisenberg, Asaf, editor.
700 ## - ADDED ENTRY--PERSONAL NAME
Personal name Lebental, Dan, editor.
942 ## - ADDED ENTRY ELEMENTS (KOHA)
Source of classification or shelving scheme
Item type Audio-Visual Materials
Holdings
Source of acquisition Price effective from Permanent location Date last seen Not for loan Date acquired Source of classification or shelving scheme Koha item type Collection code Shelving location Damaged status Lost status Withdrawn status Current location
Donation2025-05-28Cagayan State University - Carig Library2025-05-28 2025-05-28 Audio-Visual MaterialsElectronic Media CenterElectronic Media Center   Cagayan State University - Carig Library

Cagayan State University University Library, Carig Campus
Tuguegarao City, Cagayan 3500 | www.csucarig.edu.ph

Powered by Koha